1704 1301 1812 1543 1945 1461 1034 1520 1942 1296 1938 1351 1726 1467 1336 1310 1569 1967 1451 1230 1662 1708 1436 1724 1848 1291 1087 1719 1987 1522 1685 1363 1442 1634 1839 1289 1556 1197 1224 1368 1940 1859 1300 1840 1764 1611 1192 1702 1303 1528 1199 1643 1814 1747 1760 1110 1774 1727 1546 1362 1927 1758 1947 1754 1795 1391 1098 1750 1873 1950 1612 1332 1028 1461 1625 1884 1797 1670 1100 1992 1706 1891 1416 1716 1137 1922 1726 1136 1312 1328 1421 1488 1853 1960 1583 1849 1334 1092 1380 BCNSPRNW ULIB Ver.6.0+V

เปลี่ยนเป็นภาษาไทย

Change to English
 แสดงรายละเอียดบรรณานุกรม
  กลับหน้าหลัก

Brief Record : Get Marc (ISO 2709) : E-mail record : QR code < ปิดหน้าต่าง
LEADER : 00000nam 2200000uu 4500
001    13399111152
003     ULIB
008    110617s||||||||th 000 0 tha d
020    9743414894
020    9789743414893
050 04 BF637^bว527ก 2550
100 0  พลตรี หลวงวิจิตรวาทการ
245 10 กำลังความคิด /^cโดย พลตรี หลวงวิจิตรวาทการ
250    พิมพ์ครั้งที่ 4
260    กรุงเทพฯ :^bสร้างสรรค์บุ๊คส์,^c2550.
300    290 หน้า :^bภาพประกอบ
650  7 ความคิด
650  7 การคิด
710 1  สร้างสรรค์บุ๊คส์
945    ^p230^l0^i027168
945    ^p230^l0^i027169
995    ทศพร
999 ^a ใช้งานได้ทุกระบบ
รายการนี้ยังไม่มีแท็ก
คุณยังไม่ได้ล็อกอิน คุณสามารถมีกิจกรรมร่วมกับเว็บไซต์ได้ แต่ต้องล็อกอินก่อน ::
  ล็อกอิน

รายการสื่อสารสนเทศ

ลำดับที่ ประเภท เลขเรียก/บาร์โค้ด สถานที่ สถานะ
- ไม่พบข้อมูล -

รายการใกล้เคียง
    ผู้แต่ง [พลตรี หลวงวิจิตรวาทการ]

    หัวเรื่อง [ความคิด]
    หัวเรื่อง [การคิด]

BibComment


ยังไม่เคยถูกคอมเมนท์

คอมเมนท์ทรัพยากรรายการนี้
  คอมเมนท์: กำลังความคิด โดย..


 Copyright 2026. Bcnsprnw @Library